| 000 | 00356nam a2200145Ia 4500 | ||
|---|---|---|---|
| 008 | 230917s9999||||xx |||||||||||||| ||und|| | ||
| 040 |
_e209790 _aMAIN |
||
| 041 | _aEnglish | ||
| 082 | _a340.05 C936C | ||
| 100 | _aAllsop, Peter, ed. | ||
| 245 | 0 | _aCurrent law year book 1980 | |
| 260 |
_aLondon _bSweet & Maxwell _c1981 |
||
| 300 | _aV p. | ||
| 942 | _cBK | ||
| 999 |
_c226548 _d226548 |
||